Music Quiz

Random Music or Song Quiz
Score 0/16 Timer 10:00
0 Plays Today
% Correct
lollipop
100%
mrs officer
88.2%
3 peat
82.4%
milli
82.4%
mr carter
70.6%
phone home
64.7%
tie my hands
58.8%
comfortable
58.8%
% Correct
playing with fire
58.8%
dr carter
58.8%
shoot me down
52.9%
let the beat build
52.9%
lala
41.2%
got money
41.2%
you aint got nothin
35.3%
dont get it
23.5%

You're not logged in!

Compare scores with friends on all Sporcle quizzes.
OR
Log In

Sporcle TV

Today on Sporcle TV


Watch our educational content, quiz creation guides, and fun videos on Sporcle TV.

Show Comments

Extras

Created Oct 8, 2009ReportNominate
Tags:Song Quiz, Carter

Top Quizzes Today


Score Distribution

Paid Content

Your Account Isn't Verified!

In order to create a playlist on Sporcle, you need to verify the email address you used during registration. Go to your Sporcle Settings to finish the process.

Report this User

Report this user for behavior that violates our Community Guidelines.

Details: